| 000 | 00719cab a2200217 4500 | ||
|---|---|---|---|
| 001 | WB2720-31 | ||
| 008 | 090401t xxu||||| |||| 00| 0 eng d | ||
| 035 | _a(Sirsi) u9405 | ||
| 041 | _aeng | ||
| 245 | _aInvesting in improvements | ||
| 350 | _a0 | ||
| 490 |
_aDaily Express _v21/5/91 p25-26 |
||
| 490 |
_aDaily Telegraph _v21/5/91 p2 |
||
| 490 |
_aHalifax Building Society Press Release _v(11) |
||
| 520 | _aReviews a survey from Halifax Building Society which examines home improvements and the value they add to a house. Includes table of the most popular home improvements and regional variations. | ||
| 650 | _aHOME IMPROVEMENTS | ||
| 650 | _aVALUE | ||
| 690 | _aHOUSING | ||
| 942 | _n0 | ||
| 948 | _c04/03/1997 | ||
| 999 |
_c5869 _d5869 |
||